Quinto concilio provincial mexicano celebrado en 1896, presidido por el Ilmo. Sr. Doctor D. Próspero M. Alarcón y Sánchez de la Barquera, metropolitano de México /

Derivado del Quinto Concilio Provincial Mexicano celebrado entre el 23 de agosto y el 1 de noviembre de 1896 en la ciudad de México, la presente obra reúne los decretos que a partir del 19 de marzo de 1899 entró en vigor para las diócesis de la provincia eclesiática de México sobre asuntos relaciona...

Whakaahuatanga katoa

I tiakina i:
Ngā taipitopito rārangi puna kōrero
Kaituhi rangatōpū: Concilio Provincial Mexicano ( México)
Hōputu: Mauhanga Hui Pukapuka
Reo:Pāniora
I whakaputaina: México : Imprenta de El Catecismo, 1900
Ngā marau:
Ngā Tūtohu: Tāpirihia he Tūtohu
Kāore He Tūtohu, Me noho koe te mea tuatahi ki te tūtohu i tēnei pūkete!

MARC

LEADER 00000nam^a2200000^a^4500
001 000431770
005 20250526000000.0
009 20260310122957.982
037 |a Acervo Xavier Clavigero 
041 |a ESP 
082 |a 282. 72  |b IGL 1896 
111 |a Concilio Provincial Mexicano (  |n 5° :  |d 1896 :  |c México) 
245 1 0 |a Quinto concilio provincial mexicano celebrado en 1896, presidido por el Ilmo. Sr. Doctor D. Próspero M. Alarcón y Sánchez de la Barquera, metropolitano de México / 
264 1 |a México :  |b Imprenta de El Catecismo,  |c 1900 
300 |a XIII, 360 p. ;  |c 22.5 cm. 
336 |a texto  |b txt  |2 rdacontenido 
337 |a sin mediación  |b n  |2 rdamedio 
338 |a volumen  |b nc  |2 rdasoporte 
520 |a Derivado del Quinto Concilio Provincial Mexicano celebrado entre el 23 de agosto y el 1 de noviembre de 1896 en la ciudad de México, la presente obra reúne los decretos que a partir del 19 de marzo de 1899 entró en vigor para las diócesis de la provincia eclesiática de México sobre asuntos relacionados con la administración del magisterio y gobierno eclesiástico, del culto divino y los sacramentos, de los bienes, de los juicios y las penas. 
561 |a Ex libris de Moderna Librería Religiosa José L. Vallejo, México 
649 |a XX 
650 |a Iglesia Católica en México -  |x Documentos Doctrinales 
650 |a Iglesia Católica en México -  |x Bienes 
650 |a Iglesia Católica en México -  |x Disciplina 
650 |a Iglesia Católica en México -  |x Historia -  |y Porfirismo, 1876-1911 
650 |a Concilios y Sínodos -  |z México -  |x Historia -  |y Porfirismo, 1876-1911 -  |x Tema Principal 
650 |a Sacramentos -  |z México -  |x Historia -  |y Porfirismo, 1876-1911 
650 |a Culto Religioso -  |z México -  |x Historia -  |y Porfirismo, 1876-1911 
650 |a Catolicismo -  |z México -  |x Historia -  |y Porfirismo, 1876-1911 
650 |a Cristianismo -  |z México -  |x Historia -  |y Porfirismo, 1876-1911 
650 |a Religión -  |z México -  |x Historia -  |y Porfirismo, 1876-1911 
910 |a Fondo General 
920 |a Impresos - Libros 
930 |a Libros Antiguos y Raros 
905 |a 108 
901 |a 019699  |b IT2  |c LRA  |i D19699  |u 20250526 
902 |a https://opac.biblio.iteso.mx/vufind/Record/000431770